000
00236nam a2200097Ia 4500
008
230915s9999 xx 000 0 und d
050
_a
HB 172.M36 2007
100
_a
MANKIW,N. GREGORY
245
0
_a
PRINCIPLES OF MICROECOMICS
942
_c
BK
999
_c
73862
_d
73862